Statistiques concernant Marvel characters (personnages) MCU

Cliquez ici pour prendre le quiz!

Statistiques générales

  • Ce quiz a été pris 230 fois
  • Le résultat moyen est 46 sur 111

Statistiques - réponses

Réponse% Correct
Iron man / tony stark
99%
Captain america / steve rogers
97%
chasseur B-15
95%
spider-man / spiderman / peter parker
95%
black widow / la veuve noire / natasha romanoff
93%
hulk / bruce banner
93%
thor
93%
hawkeye / oeil de faucon / clint barton
88%
Scarlet Witch / la sorcière rouge / wanda maximoff
87%
loki
85%
thanos
85%
black panther / T'Challa
83%
groot
83%
ant-man / scott lang
82%
gamora
82%
star-lord / peter quill
81%
vision
81%
doctor strange / steven strange
80%
nick fury
79%
rocket racoon
78%
the winter soldier / le soldat de l'hiver / bucky barnes
78%
falcon / faucon / sam wilson
77%
drax le destructeur
75%
the wasp / la guêpe / hope van dyne
72%
captain marvel / carol denvers
69%
nebula
67%
ultron
67%
pepper potts
66%
Quicksilver / vif argent / pietro maximoff
66%
mantis
61%
michelle jones / mj
61%
war machine / james rhodes
61%
jane foster
59%
ned leeds
58%
peggy carter
58%
shuri
57%
maria hill
53%
hank pym
49%
may parker
49%
sharon carter
49%
happy hogan
48%
hela
48%
howard stark
45%
yelena belova
45%
okoye
44%
erik killmonger
43%
phil coulson
43%
valkyrie
42%
ego
39%
baron zemo
38%
shang-chi
37%
Ancient / l'Ancien
35%
heimdall
35%
cassie lang
33%
kate bishop
33%
janet van dyne
31%
valtur / vautour / adrian toomes
31%
monica rambeau
29%
sif
29%
agent 16 / laura barton
27%
darcy lewis
27%
erik selvig
27%
moon knight / mark spector / steven grant
27%
bill foster
26%
everett ross
25%
ikaris
25%
red guardian / alexei shostakov
25%
christine palmer
24%
daredevil / matt murdock
24%
flash thompson
24%
miss marvel / kamala khan
24%
arnim zola
23%
korg
23%
thena
23%
dormammu
22%
alexander pierce
21%
malekith
21%
Taskmaster / antonia dreykov
21%
ajak
19%
billy maximoff
19%
agatha harkness
18%
betty brant
18%
ebony maw
17%
gilgamesh
17%
laufey
17%
makkari
17%
sersi
17%
sprite
17%
crossbones / brock rumlow
15%
druig
15%
fantôme / ava starr
15%
yellowjacket / darren cross
15%
helen cho
14%
kingo
14%
melina vostokoff
14%
luis
12%
dreykov
11%
goose
11%
mobius
11%
U.S agent / John walker
11%
starfox / eros
10%
harley keener
9%
aldrich killian
8%
eleanor bishop
8%
ayesha
7%
cull obsidian
7%
dane whitman
7%
brad davis
3%
homme-sable / flint
2%
J. Jonah Jameson
1%
eitry
0%

Distribution des résultats

Percentile par nombre de réponses

% des personnes avec chaque résultat

Votre développement - résultats

Vous n’avez pas pris ce quiz